| 000 | 00563nam a2200169 4500 | ||
|---|---|---|---|
| 999 |
_c12564 _d12564 |
||
| 008 | 240220b ||||| |||| 00| 0 eng d | ||
| 040 | _aBMS College of Architecture | ||
| 100 | _aDyuthi CV | ||
| 245 | _aChildren's Abode Rehabilitation center for street children | ||
| 300 | _a77p. | ||
| 500 | _a1CF19AT031 | ||
| 502 |
_8B,Arch _NBMS College of Architecture, Visvesvaraya Technological University (VTU) _aProject report _d2023 |
||
| 650 | _aRehabilitation center | ||
| 700 |
_aKetki Bharat Tendolkar _eGuide |
||
| 710 |
_aRamaraju G _aGuide |
||
| 942 |
_2ddc _cTHE |
||